000 00644nam a22001817a 4500
005 20251108164132.0
008 250721s1994 xx 000 0 ara d
082 1 4 _a341.256405694/محم
100 1 _aعبد الفضيل، محمود
245 1 0 _aإتفاق غزه و أريحا :
_bالتحديات - المخاطر - التداعيات : قراءات مختاره من المساهمات العربية /
264 1 _aبيروت :
_bدار الطليعه،
_c1994.
300 _a159ص
650 1 7 _aإتفاقيات السلام
650 1 7 _aإسرائيل
650 1 7 _aتاريخ فلسطين
942 _2ddc
_cBK
999 _c4511
_d4511